000 00740nam a22002057a 4500
999 _c15239
_d15239
003 OSt
082 _2631.56 BIN/DE
088 _aP 88
100 _aBINDHU K. GEORGE
_94008
245 _aDevelopment and testing of a pineapple peeler, corer cum slicer
260 _aTavanur 1999
_bDepartment of Post-Harvest Technology and Agricultural Processing
300 _a55
500 _aDevelopment and testing of a pineapple peeler, corer cum slicer
520 _aDevelopment and testing of a pineapple peeler, corer cum slicer
700 _aBindu Kochugovindan
_94009
700 _aVidhu K. P
_94010
700 _aEr. Prince M. V (Guide)
_93375
856 _uhttps://drive.google.com/open?id=1L7vFKNCXAzwdjVGjI-oX-80iYlB8Gx2C
942 _cPR